Funun al-i'lam wa tiknulujiya al-ittisal
| Main Author: | 'Abd al-Halim, Muhyi al-Din |
|---|---|
| Published: |
Misr:
Maktabat al-Anjalu al-Misriyah,
2006.
|
| Subjects: |
| LEADER | 00549cam a2200157 7i4500 | ||
|---|---|---|---|
| 001 | 0000048448 | ||
| 005 | 20200218090000.0 | ||
| 020 | |a 9770522120 (pbk.) | ||
| 090 | 0 | 0 | |a P90 |b .A24 2006 |
| 100 | 1 | |a 'Abd al-Halim, Muhyi al-Din | |
| 245 | 1 | 0 | |a Funun al-i'lam wa tiknulujiya al-ittisal |c Muhyi al-Din 'Abd al-Halim. |
| 260 | |a Misr: |b Maktabat al-Anjalu al-Misriyah, |c 2006. | ||
| 300 | |a 321 p.; |c 24 cm. | ||
| 650 | 0 | 0 | |a Communication and technology |
| 650 | 0 | 0 | |a Mass media -- |x Technological innovations |
| 999 | |a 0000069304 |b BOK |c OPEN SHELF |e 1st Floor, Bestari Jaya | ||


